Statistics for Country Flag Quiz #4

Click here to take the quiz!

General Stats

  • This quiz has been taken 36 times
  • The average score is 12 of 16

Answer Stats

Answer% Correct
Iraq
95%
Hungary
86%
Montenegro
82%
Nepal
82%
Tunisia
82%
Dominican Republic
77%
Tonga
77%
Bahamas
73%
Barbados
73%
Kiribati
68%
Malawi
64%
Marshall Islands
64%
Myanmar
64%
Antigua and Barbuda
59%
Gabon
59%
Madagascar
50%

Score Distribution

Percentile by Number Answered

Percent of People with Each Score

Your Score History

You have not taken this quiz